| 000 | 01454cam a22004095i 4500 | ||
|---|---|---|---|
| 999 |
_c173164 _d173164 |
||
| 001 | vtls000291366 | ||
| 003 | PNM | ||
| 005 | 20190626161812.0 | ||
| 008 | 001030s2002 my ao e 000 0 chi | ||
| 015 |
_aM16-08656 _qvolume 1 |
||
| 015 |
_aM16-08657 _qvolume 2 |
||
| 020 |
_a9789834030469 _qhardback _qvolume 1 _cRM220.00 |
||
| 020 |
_a9789834030476 _qhardback _qvolume 2 _cRM220.00 |
||
| 039 | 9 |
_a201905020815 _bAUTHORITY _c201707170815 _drosliza _c201610111039 _dsitisuhaida _c201607130924 _dsalbiah |
|
| 040 |
_aPNM _beng _cPNM _dPPAK _erda |
||
| 041 |
_achi _aeng _amay |
||
| 049 | _amal | ||
| 082 | 0 | 4 |
_a581.634 _223 |
| 090 | 0 | 0 |
_a581.634 _bGOH _dR |
| 100 | 1 | 0 |
_aGoh, Kong Ling, _d1951- _eauthor, _eeditor. |
| 245 | 1 | 0 |
_aMalaixiya zhong cao yao. _n[di yi ce - di san ce] = _bMALAYSIAN HERBS _nVOLUME 1-2 / _cGOH, KONG LING _6880-01 |
| 246 | 3 | _aMalaysian herbs | |
| 250 | _a(CHINESE EDITION) | ||
| 264 | 1 |
_aPort Klang, Selangor : _bGoh Kong Ling, _c2002 |
|
| 300 |
_a2 volumes (vi, 254 ; vi, 254 pages) : _bcolour photographs ; _c30 cm |
||
| 336 |
_2rdacontent _atext |
||
| 337 |
_2rdamedia _aunmediated |
||
| 338 |
_2rdacarrier _avolume |
||
| 500 | _aText in Chinese | ||
| 650 | 1 | 0 |
_aMedicinal plants _zMalaysia |
| 650 | 2 | 0 |
_aMaterial medical, Vegetable _zMalaysia |
| 650 | 2 | 0 |
_aHerbs _xTherapeutic use _zMalaysia |
| 880 | 0 | 0 |
_6245-01/$1 _a马来西亚中草药 / _c吴康麟编著 |
| 942 |
_2ddc _cB |
||
| 949 | _62000276329 | ||
| 949 | _62000278568 | ||